00599nam a2200157Ia 4500001001000000003000500010008004100015010001100056040000900067100001800076245014100094260006200235300001000297440003800307650009600345Para_4702CHAP220125s1941 xx 000 0 und d a203143 cCHAP aWalker, M. N. aFusarium wilt of watermelons :b effect of soil temperature on the wilt disease and the growth of watermelon seedlings /c M. N. Walker aGainesville, Florida :b Agricultural Experiment Station a29 p. aFlorida. Agr. Exp. Sta. Bull; 363 aFusarium Sandía x Enfermedades por fusarium Suelos x Temperatura x Efecto en plantas